| 000 | 00000nam##2200000za#4500 |
| 001 | 9.608348 |
| 003 | CaOODSP |
| 005 | 20220505163028 |
| 007 | cr ||||||||||| |
| 008 | 150406|2015||||xxc|||||o f|0| 0 fre|d |
| 040 | |aCaOODSP|bfre |
| 043 | |an-cn--- |
| 086 | 1 |aH12-21-3/41-1F-PDF |
| 110 | 2 |aAgence de santé publique du Canada. |
| 245 | 10|aEntérovirus D68 et influenza |h[ressource électronique] |
| 260 | |bAgence de santé publique du Canada |
| 300 | |a27p.|bgraphiques, carte, références, tableaux |
| 490 | 1 |aRelevé des maladies transmissible au Canada. Supplément |vVol. 41, S1, le 20 février 2015 |
| 590 | |a15-11|b2015-03-13 |
| 775 | 08|tEnterovirus D68 and influenza |w(CaOODSP)9.581573 |
| 830 | #0|aRelevé des maladies transmissible au Canada. Supplément ;|vVol. 41, S1, le 20 février 2015|w(CaOODSP)9.501303 |
| 856 | 40|ahttp://publications.gc.ca|qPDF|s1.29 Mo|uhttps://publications.gc.ca/collections/collection_2015/aspc-phac/H12-21-3-41-1-fra.pdf|yVol. 41, S1, le 20 février 2015 |